Ireland Six Nations Squad 2021 - Statistics

General Stats
  • This quiz has been taken 20 times
  • The average score is 20 of 31
Answer Stats
Position Player Apps Points Total Apps Total Points % Correct
Fly-Half Jonathan Sexton 4 63 99 923
94%
Lock Tadhg Beirne 5 10 22 30
94%
Prop Cian Healy 5 0 109 35
88%
Centre Garry Ringrose 4 5 34 47
88%
Scrum-Half Jameson Gibson-Park 4 0 9 0
88%
Hooker Ronan Kelleher 5 5 11 5
88%
Prop Tadhg Furlong 5 0 49 25
88%
Centre Bundee Aki 1 0 31 25
82%
Scrum-Half Conor Murray 2 0 89 95
82%
Back-Row Josh van der Flier 3 0 31 10
82%
Back-Row CJ Stander 5 5 51 60
76%
Prop Ed Byrne 1 0 4 0
76%
Lock James Ryan 3 0 35 15
76%
Wing Keith Earls 5 10 93 170
76%
Centre Robbie Henshaw 5 5 52 40
76%
Hooker Rob Herring 5 0 20 5
76%
Fly-Half Ross Byrne 2 5 13 29
76%
Prop Andrew Porter 5 0 37 5
71%
Full-Back Hugo Keenan 5 5 11 15
71%
Lock Iain Henderson 5 0 63 25
71%
Back-Row Jack Conan 1 5 20 35
71%
Wing James Lowe 4 0 6 5
71%
Back-Row Peter O'Mahony 2 0 75 10
59%
Wing Jordan Larmour 4 0 29 35
53%
Fly-Half Billy Burns 3 6 6 29
47%
Prop Dave Kilcoyne 4 0 43 5
47%
Back-Row Will Connors 4 10 10 15
18%
Scrum-Half Craig Casey 1 0 1 0
12%
Wing Jacob Stockdale 1 0 34 90
6%
Back-Row Rhys Ruddock 1 0 27 20
6%
Lock Ryan Baird 3 0 3 0
6%
No matching quizzes found
Score Distribution
Percent of People with Each Score
Percentile by Number Answered
Your Score History
You have not taken this quiz